| 000 | 00767nam a22002537a 4500 | ||
|---|---|---|---|
| 003 | CHAP | ||
| 005 | 20220329141014.0 | ||
| 008 | 971013s r 00010 d | ||
| 010 | _a61181 | ||
| 011 | _a62153 | ||
| 035 | _a66327 | ||
| 040 | _cCHAP | ||
| 090 | _aR-3571 | ||
| 100 | 0 | 0 |
_aGoykovic C., Vitelio. _950144 |
| 245 | _aParĂ¡metros de rendimiento en jugo del fruto de tumbo (Passiflora mollisima Bailey) | ||
| 500 | _aSobretiro de : IDESIA. Santiago, Chile 12 : 57-62, 1993 | ||
| 590 |
_aBATCH-UPD _b10 _c20130110 _lUCH01 _h0513 |
||
| 590 |
_aCONVERSION _b10 _c20130109 _lUCH01 _h1333 |
||
| 650 | 1 | 4 |
_aJugos de fruta. _962307 |
| 650 | 1 | 4 |
_aPassiflora mollisima. _985887 |
| 901 | _aBK | ||
| 942 | _cREIMP | ||
| 949 |
_aR-3571 _bBC _cR _d-151502 _eTS1 _i66327 _si |
||
| 999 |
_c61181 _d61181 |
||